<?xml version="1.0" encoding="UTF-8"?><?xml-stylesheet type="text/xsl" href="static/style.xsl"?><OAI-PMH xmlns="http://www.openarchives.org/OAI/2.0/" xmlns:xsi="http://www.w3.org/2001/XMLSchema-instance" xsi:schemaLocation="http://www.openarchives.org/OAI/2.0/ http://www.openarchives.org/OAI/2.0/OAI-PMH.xsd"><responseDate>2026-04-13T01:27:20Z</responseDate><request verb="GetRecord" identifier="oai:www.recercat.cat:2117/421146" metadataPrefix="marc">https://recercat.cat/oai/request</request><GetRecord><record><header><identifier>oai:recercat.cat:2117/421146</identifier><datestamp>2026-02-07T09:24:28Z</datestamp><setSpec>com_2072_1033</setSpec><setSpec>col_2072_452950</setSpec></header><metadata><record xmlns="http://www.loc.gov/MARC21/slim" xmlns:dcterms="http://purl.org/dc/terms/" xmlns:xsi="http://www.w3.org/2001/XMLSchema-instance" xmlns:doc="http://www.lyncode.com/xoai" xsi:schemaLocation="http://www.loc.gov/MARC21/slim http://www.loc.gov/standards/marcxml/schema/MARC21slim.xsd">
   <leader>00925njm 22002777a 4500</leader>
   <datafield ind2=" " ind1=" " tag="042">
      <subfield code="a">dc</subfield>
   </datafield>
   <datafield ind2=" " ind1=" " tag="720">
      <subfield code="a">Balcázar Arciniega, Néstor</subfield>
      <subfield code="e">author</subfield>
   </datafield>
   <datafield ind2=" " ind1=" " tag="720">
      <subfield code="a">Rigola Serrano, Joaquim</subfield>
      <subfield code="e">author</subfield>
   </datafield>
   <datafield ind2=" " ind1=" " tag="720">
      <subfield code="a">Oliva Llena, Asensio</subfield>
      <subfield code="e">author</subfield>
   </datafield>
   <datafield ind2=" " ind1=" " tag="260">
      <subfield code="c">2024</subfield>
   </datafield>
   <datafield ind2=" " ind1=" " tag="520">
      <subfield code="a">This paper reports advancements in the unstructured conservative level-set (UCLS) method for simulating two-phase flows with complex interfacial physics. The developed framework within the UCLS method addresses interfacial transport processes, including heat and mass transfer, variable surface tension, and liquid-vapor phase change. The transport equations are discretized using the finite volume method on three-dimensional collocated unstructured meshes. The UCLS method is utilized for interface capturing, while a multiple marker approach prevents numerical coalescence in bubbles and droplets. The fractional-step projection method solves the pressure-velocity coupling in the momentum transport equation. Unstructured flux-limiter schemes approximate the convective term, and the central difference scheme calculates the diffusive term. Verifications and validations focus on the thermocapillary migration of droplets using fixed meshes with mixed control volumes and hexahedral adaptive unstructured collocated meshes.</subfield>
   </datafield>
   <datafield ind2=" " ind1=" " tag="520">
      <subfield code="a">The principal author, N. Balcázar-Arciniega, as Serra-Hunter Lecturer (UPC-LE8027), acknowledges the financial support provided by the Catalan Government through this program. Simulations were conducted using computing resources allocated by the RES under the project IM-2024-1-0007 on the supercomputer MareNostrum V, at the BSC, Barcelona, Spain. The authors acknowledge the financial support of the MCIN/AEI/10.13039/501100011033 under the project PID2020-115837RB-100, Spain.</subfield>
   </datafield>
   <datafield ind2=" " ind1=" " tag="520">
      <subfield code="a">Postprint (published version)</subfield>
   </datafield>
   <datafield tag="653" ind2=" " ind1=" ">
      <subfield code="a">Àrees temàtiques de la UPC::Física::Termodinàmica</subfield>
   </datafield>
   <datafield tag="653" ind2=" " ind1=" ">
      <subfield code="a">Unstructured Conservative Level-Set Method</subfield>
   </datafield>
   <datafield tag="653" ind2=" " ind1=" ">
      <subfield code="a">Unstructured Flux-Limiters</subfield>
   </datafield>
   <datafield tag="653" ind2=" " ind1=" ">
      <subfield code="a">Finite-Volume Method</subfield>
   </datafield>
   <datafield tag="653" ind2=" " ind1=" ">
      <subfield code="a">Unstructured Meshes</subfield>
   </datafield>
   <datafield tag="653" ind2=" " ind1=" ">
      <subfield code="a">Interfacial heat transfer</subfield>
   </datafield>
   <datafield tag="653" ind2=" " ind1=" ">
      <subfield code="a">Thermocapillarity</subfield>
   </datafield>
   <datafield tag="653" ind2=" " ind1=" ">
      <subfield code="a">Adaptive mesh refinement</subfield>
   </datafield>
   <datafield ind2="0" ind1="0" tag="245">
      <subfield code="a">Unstructured conservative level-set method for interfacial transport processes on adaptive and fixed collocated meshes</subfield>
   </datafield>
</record></metadata></record></GetRecord></OAI-PMH>